000 00865cam a22002651 4500
001 he 67001204
003 DLC
005 20260227111447.0
008 850708s1965 is 000 0 eng
010 _ahe 67001204
025 _aPL480:Is-2620
035 _a(OCoLC)12241678
040 _aDLC
_cCLU
_dDLC
042 _apremarc
050 0 0 _aHC497.P2
_bM36
100 1 _aMars, John.
245 0 2 _aA report to the Executive Secretary on investigations into the economics and the institutional framework of industrialization in Israel.
260 _a[Jerusalem?
_c1965?]
300 _a30 l.
_c28 cm.
500 _aCaption title.
500 _aReport to the Executive Secretary, U.N. Economic Commission for Africa.
650 0 _aIndustries
_zIsrael.
651 0 _aIsrael
_xEconomic conditions.
710 2 _aUnited Nations.
_bEconomic Commission for Africa.
999 _c32446
_d32446